000 00551nam a2200217 i 4500
001 C2-0224853
003 PPAK
005 20180728153233.0
008 000517s nyu |||| ||||| | eng d
040 _aPPAK
_beng
_cPPAK
_erda
082 0 4 _a784.5
_223
090 0 0 _a784.5
_bSEV
_dR
245 0 0 _aSeven Dynamite Hits Vollume 11
264 1 _aNew York :
_bChappell Music Company ,
300 _a36 pages
336 _2rdacontent
_atext
337 _2rdamedia
_aunmediated
338 _2rdacarrier
_avolume
650 1 0 _aPop music
942 _ddc
_cB
999 _c145664
_d145664